Les 20 plus gros succès du box-office mondial - Statistiques

Statistiques générales
  • Ce quiz a été pris 626 fois
  • Le résultat moyen est 8 sur 20
Statistiques - réponses
Classsement Date de Sortie Réponse % Correct
1 2009 Avatar
94%
4 1997 Titanic
91%
10 2012 Avengers
82%
2 2019 Avengers Endgame
72%
3 2022 Avatar 2
69%
6 2018 Avengers Infinity War
54%
5 2015 Star Wars VII
53%
17 2017 Star Wars VIII
53%
7 2021 Spider-Man No Way Home
34%
19 2013 La Reine des Neiges
28%
14 2015 Avengers L'Ere d'Ultron
25%
9 2019 Le Roi Lion
25%
8 2015 Jurassic World
23%
15 2018 Black Panther
21%
12 2022 Top Gun Maverick
18%
11 2015 Fast and Furious 7
17%
13 2019 La Reine des Neiges 2
13%
16 2011 Harry Potter et les Reliques de la Mort (partie 2)
6%
18 2018 Jurassic World 2
5%
20 2017 La Belle et la Bête
4%
Aucun quiz correspondant
Distribution des résultats
% des personnes avec chaque résultat
Percentile par nombre de réponses
Votre historique - résultats
Vous n’avez pas pris ce quiz